Mathias Gruenewald (Record no. 5870)

MARC details
000 -CABECERA
campo de control de longitud fija 00557nam a2200205 a 4500
001 - NÚMERO DE CONTROL
campo de control BRCA_6183
005 - FECHA Y HORA DE LA ÚLTIMA TRANSACCIÓN
campo de control 20190320205349.0
008 - DATOS DE LONGITUD FIJA--INFORMACIÓN GENERAL
campo de control de longitud fija 110711s1919----gw-a######---#000-0#ger-#
041 ## - CÓDIGO DE LENGUA
Código de lengua del texto/banda sonora o título independiente ger
044 ## - CÓDIGO DEL PAÍS DE LA ENTIDAD EDITORA/PRODUCTORA
Código MARC del país gw
050 #4 - SIGNATURA TOPOGRÁFICA DE LA BIBLIOTECA DEL CONGRESO
Número de clasificación ND588 G7
Número de documento/Ítem .K44
-- 1919
245 10 - MENCIÓN DE TÍTULO
Título Mathias Gruenewald
Resto del título das Wunder des isenheimer Altars
Mención de responsabilidad, etc. Hugo Kehrer
260 ## - PUBLICACIÓN, DISTRIBUCIÓN, ETC.
Lugar de publicación, distribución, etc. Múnich
Nombre del editor, distribuidor, etc. H. Schmidt
Fecha de publicación, distribución, etc. 1919
300 ## - DESCRIPCIÓN FÍSICA
Extensión 68 p.
Otras características físicas il., retratos
Dimensiones 19 cm.
500 ## - NOTA GENERAL
Nota general I46
650 14 - PUNTO DE ACCESO ADICIONAL DE MATERIA--TÉRMINO DE MATERIA
Término de materia o nombre geográfico como elemento de entrada Grunewald, Mathias
Subdivisión cronológica 1740-1528
9 (RLIN) 15567
650 14 - PUNTO DE ACCESO ADICIONAL DE MATERIA--TÉRMINO DE MATERIA
Término de materia o nombre geográfico como elemento de entrada Pintores alemanes
9 (RLIN) 797
902 ## - CATALOGADOR
Iniciales GFM
942 ## - ELEMENTOS DE PUNTO DE ACCESO ADICIONAL (KOHA)
Fuente del sistema de clasificación o colocación Library of Congress Classification
Tipo de ítem Koha Libros
Holdings
Estado de retiro Estado de pérdida Estado dañado No para préstamo Localización permanente Ubicación/localización actual Fecha de adquisición Número de inventario Total de préstamos Signatura topográfica completa Código de barras Fecha visto por última vez Precio válido a partir de Tipo de ítem Koha
El ejemplar forma parte de la colección y puede ser consultado según las políticas vigentes.       Biblioteca del Museo Franz Mayer (Rogerio Casas-Alatriste) Biblioteca del Museo Franz Mayer (Rogerio Casas-Alatriste) 11/07/2011 I46   ND588 G7 .K44 1919 (I46) 6622 22/03/2019 22/03/2019 Libros